| 000 -LEADER |
| fixed length control field |
00884cam a22002174a 4500 |
| 020 ## - INTERNATIONAL STANDARD BOOK NUMBER |
| ISBN |
041530265X |
| 040 ## - CATALOGING SOURCE |
| Transcribing agency |
DLC |
| 082 00 - DEWEY DECIMAL CLASSIFICATION NUMBER |
| Classification number |
910 TAY 2003 A103 Or. |
| 245 10 - TITLE STATEMENT |
| Title |
Developing spatial data infrastructures : |
| Remainder of title |
from concept to reality / |
| 260 ## - PUBLICATION, DISTRIBUTION, ETC. (IMPRINT) |
| Place of publication |
London ; |
| -- |
New York : |
| Name of publisher |
Taylor & Francis, |
| Year of publication |
2003. |
| 300 ## - PHYSICAL DESCRIPTION |
| Number of Pages |
xxviii, 316 p. : |
| Other physical details |
ill. ; |
| Dimensions |
24 cm. |
| 500 ## - GENERAL NOTE |
| General note |
Papers from the International Symposium on Spatial Data Infrastructures, held at the University of Melbourne, Nov. 19-20, 2001. |
| 650 #0 - SUBJECT ADDED ENTRY--TOPICAL TERM |
| Topical Term |
Geographic information systems |
| 700 1# - ADDED ENTRY--PERSONAL NAME |
| Personal name |
Williamson, I. P. |
| 700 1# - ADDED ENTRY--PERSONAL NAME |
| Personal name |
Rajabifard, Abbas. |
| 700 1# - ADDED ENTRY--PERSONAL NAME |
| Personal name |
Feeney, Mary-Ellen F. |
| 856 41 - ELECTRONIC LOCATION AND ACCESS |
| Uniform Resource Identifier |
http://www.loc.gov/catdir/toc/ecip042/2003008315.html |
| 856 42 - ELECTRONIC LOCATION AND ACCESS |
| Uniform Resource Identifier |
http://www.loc.gov/catdir/enhancements/fy0646/2003008315-d.html |
| 856 42 - ELECTRONIC LOCATION AND ACCESS |
| Uniform Resource Identifier |
http://www.loc.gov/catdir/enhancements/fy1006/2003008315-b.html |
| 942 ## - ADDED ENTRY ELEMENTS (KOHA) |
| Koha item type |
សៀវភៅភាសាអង់គ្លេស |
| 952 ## - LOCATION AND ITEM INFORMATION (KOHA) |
| Withdrawn status [LOCAL, KOHA] |
0 |